Communes traversées par le boulevard périphérique de Caen sur une carte - Statistiques

Statistiques générales
  • Ce quiz a été pris 54 fois
  • Le résultat moyen est 9 sur 13
Réponses sur la Carte
Les réponses sont colorées sur une échelle allant du rouge au vert en fonction du pourcentage des utilisateurs qui les ont devinées à leur premier essai. Vous pouvez retrouver ces pourcentages ci-dessous.
 
Statistiques - réponses
Communes % Correct
Caen
96%
Hérouville-Saint-Clair
96%
Ifs
92%
Carpiquet
88%
Mondeville
84%
Bretteville-sur-Odon
76%
Fleury-sur-Orne
73%
Cormelles-le-Royal
71%
Louvigny
65%
Saint-Germain-la-Blanche-Herbe
51%
Éterville
45%
Saint-André-sur-Orne
33%
Grentheville
22%
Aucun quiz correspondant
Distribution des résultats
% des personnes avec chaque résultat
Percentile par nombre de réponses
Votre historique - résultats
Vous n’avez pas pris ce quiz